000 00211nam a2200085Ia 4500
008 120527s9999 xx 000 0 und d
100 _aSPIEGEL,M.R
245 _aTheory and problems of vector analysis.
942 _cBK
999 _c24151
_d24151